[Event "MSRCH16"]
[Site "?"]
[Date "2026.04.14"]
[Round "6.20"]
[White "Stolar, Matus"]
[Black "Toth, Peter"]
[Result "1/2-1/2"]
[BlackElo "1756"]
[WhiteElo "1688"]
[LiveChessVersion "1.4.8"]

1. e4 {[%clk 1:30:57]} c5 {[%clk 1:30:58]} 2. Nf3 {[%clk 1:31:22]} Nc6
{[%clk 1:31:23]} 3. Bb5 {[%clk 1:31:21]} g6 {[%clk 1:31:05]} 4. O-O
{[%clk 1:27:20]} Bg7 {[%clk 1:30:27]} 5. Re1 {[%clk 1:26:37]} e6 {[%clk 1:29:25]}
6. c3 {[%clk 1:25:45]} Qb6 {[%clk 1:18:42]} 7. Bf1 {[%clk 1:20:08]} Nge7
{[%clk 1:15:51]} 8. d3 {[%clk 1:01:25]} O-O {[%clk 1:12:43]} 9. Nbd2
{[%clk 0:55:14]} d5 {[%clk 1:03:00]} 10. exd5 {[%clk 0:49:07]} exd5
{[%clk 1:02:32]} 11. Nb3 {[%clk 0:44:50]} Nf5 {[%clk 0:55:28]} 12. g3
{[%clk 0:38:55]} a5 {[%clk 0:47:04]} 13. a4 {[%clk 0:37:08]} d4 {[%clk 0:38:03]}
14. c4 {[%clk 0:30:11]} Nb4 {[%clk 0:33:28]} 15. Bd2 {[%clk 0:23:01]} Bd7
{[%clk 0:28:58]} 16. Nc1 {[%clk 0:22:27]} Bc6 {[%clk 0:26:37]} 17. Bg2
{[%clk 0:21:15]} Rfe8 {[%clk 0:23:21]} 18. b3 {[%clk 0:19:42]} Rxe1+
{[%clk 0:22:54]} 19. Nxe1 {[%clk 0:18:46]} Bxg2 {[%clk 0:22:19]} 20. Nxg2
{[%clk 0:18:55]} Nc6 {[%clk 0:21:46]} 21. Nf4 {[%clk 0:19:00]} Re8
{[%clk 0:19:19]} 22. Nd5 {[%clk 0:18:46]} Qd8 {[%clk 0:19:14]} 23. Bf4
{[%clk 0:15:47]} Ne5 {[%clk 0:13:46]} 24. Ra2 {[%clk 0:13:37]} h5
{[%clk 0:11:45]} 25. Bxe5 {[%clk 0:13:00]} Bxe5 {[%clk 0:11:34]} 26. Re2
{[%clk 0:12:57]} h4 {[%clk 0:10:35]} 27. f4 {[%clk 0:09:54]} Bg7 {[%clk 0:09:41]}
28. Rxe8+ {[%clk 0:07:56]} Qxe8 {[%clk 0:10:06]} 29. Kf2 {[%clk 0:06:56]} hxg3+
{[%clk 0:09:35]} 30. hxg3 {[%clk 0:07:12]} Kf8 {[%clk 0:06:03]} 31. Qe2
{[%clk 0:06:18]} Ne3 {[%clk 0:05:19]} 32. Nxe3 {[%clk 0:04:37]} dxe3+
{[%clk 0:05:43]} 33. Kg2 {[%clk 0:03:43]} Bd4 {[%clk 0:02:52]} 34. Qf3
{[%clk 0:03:14]} Kg7 {[%clk 0:01:29]} 35. Ne2 {[%clk 0:03:28]} Qc6
{[%clk 0:00:42]} 36. Qxc6 {[%clk 0:03:17]} bxc6 {[%clk 0:01:12]} 37. Kf3
{[%clk 0:03:22]} Kf6 {[%clk 0:01:16]} 38. Ke4 {[%clk 0:02:44]} Ke6
{[%clk 0:00:52]} 39. g4 {[%clk 0:02:18]} f5+ {[%clk 0:00:52]} 40. gxf5+
{[%clk 0:02:32]} gxf5+ {[%clk 0:01:16]} 41. Kf3 {[%clk 0:02:53]} Kf6
{[%clk 0:00:57]} 42. Ng3 {[%clk 0:00:58]} Kg6 {[%clk 0:27:34]} 43. Ne2
{[%clk 0:31:16]} Kf6 {[%clk 0:27:31]} 44. b4 axb4 45. Nc1 1/2-1/2

[Event "MSRCH16"]
[Site "?"]
[Date "2026.04.14"]
[Round "6.21"]
[White "Mizanin, Matej"]
[Black "Drabek, Matej"]
[Result "1-0"]
[BlackElo "1560"]
[WhiteElo "1745"]
[LiveChessVersion "1.4.8"]

1. d4 {[%clk 1:30:58]} d5 {[%clk 1:28:39]} 2. Nf3 {[%clk 1:31:24]} Nc6
{[%clk 1:28:11]} 3. e3 {[%clk 1:31:48]} Bf5 {[%clk 1:27:45]} 4. c4
{[%clk 1:32:13]} dxc4 {[%clk 1:26:41]} 5. Bxc4 {[%clk 1:32:40]} e6
{[%clk 1:26:57]} 6. O-O {[%clk 1:33:01]} Nf6 {[%clk 1:26:00]} 7. Nc3
{[%clk 1:33:25]} Nb4 {[%clk 1:21:53]} 8. a3 {[%clk 1:31:27]} Nbd5
{[%clk 1:20:22]} 9. Qb3 {[%clk 1:26:25]} Nxc3 10. bxc3 {[%clk 1:26:19]} Be4
{[%clk 1:16:33]} 11. Nd2 {[%clk 1:24:42]} Bc6 {[%clk 1:15:55]} 12. Bb5
{[%clk 1:23:55]} Qd7 {[%clk 1:15:44]} 13. a4 {[%clk 1:15:21]} Be7
{[%clk 1:15:11]} 14. Ba3 {[%clk 1:14:48]} Bxb5 {[%clk 1:07:52]} 15. axb5
{[%clk 1:15:00]} O-O {[%clk 1:02:25]} 16. Bxe7 {[%clk 1:10:27]} Qxe7
{[%clk 1:02:45]} 17. Ra3 {[%clk 1:09:57]} Qd6 {[%clk 1:00:55]} 18. Rfa1
{[%clk 0:54:51]} a6 {[%clk 0:53:58]} 19. Nc4 {[%clk 0:44:19]} Qd5
{[%clk 0:53:54]} 20. bxa6 {[%clk 0:43:42]} b6 {[%clk 0:53:08]} 21. Nd2
{[%clk 0:42:07]} Ra7 {[%clk 0:52:46]} 22. c4 {[%clk 0:33:32]} Qc6
{[%clk 0:51:20]} 23. Qb5 {[%clk 0:31:29]} Qxb5 {[%clk 0:45:20]} 24. cxb5
{[%clk 0:31:56]} Rc8 {[%clk 0:45:16]} 25. Rc1 {[%clk 0:28:24]} Nd7
{[%clk 0:42:29]} 26. Rac3 {[%clk 0:26:50]} Kf8 {[%clk 0:41:41]} 27. e4
{[%clk 0:22:56]} Ke7 {[%clk 0:40:47]} 28. f3 {[%clk 0:20:19]} g6 {[%clk 0:37:01]}
29. Kf2 {[%clk 0:20:16]} f5 {[%clk 0:29:21]} 30. d5 {[%clk 0:19:31]} exd5
{[%clk 0:28:16]} 31. exd5 {[%clk 0:19:59]} Kd6 {[%clk 0:27:50]} 32. Nc4+
{[%clk 0:19:57]} Kxd5 {[%clk 0:25:45]} 33. Rd1+ {[%clk 0:19:39]} Kc5
{[%clk 0:24:59]} 34. Nd6+ {[%clk 0:18:25]} Kb4 {[%clk 0:24:47]} 35. Nxc8
{[%clk 0:18:25]} 1-0

[Event "MSRCH16"]
[Site "?"]
[Date "2026.04.14"]
[Round "6.22"]
[White "Kis, Arnold"]
[Black "Havir, Adam"]
[Result "1-0"]
[BlackElo "1695"]
[WhiteElo "1619"]
[LiveChessVersion "1.4.8"]

1. e4 {[%clk 1:30:58]} c6 {[%clk 1:30:56]} 2. d4 {[%clk 1:31:25]} d5
{[%clk 1:31:23]} 3. exd5 {[%clk 1:31:52]} cxd5 {[%clk 1:31:48]} 4. c4
{[%clk 1:32:20]} Nf6 {[%clk 1:28:36]} 5. Nc3 {[%clk 1:32:03]} e6 {[%clk 1:28:50]}
6. Nf3 {[%clk 1:32:11]} Nc6 {[%clk 1:25:03]} 7. Bf4 {[%clk 1:29:51]} Be7
{[%clk 1:19:30]} 8. c5 {[%clk 1:29:08]} O-O {[%clk 1:06:33]} 9. Bb5
{[%clk 1:24:53]} Ne4 {[%clk 0:52:10]} 10. Qc2 {[%clk 1:17:52]} Nxc3
{[%clk 0:35:52]} 11. Qxc3 {[%clk 1:16:43]} Bd7 {[%clk 0:35:27]} 12. Bxc6
{[%clk 1:16:19]} Bxc6 {[%clk 0:35:09]} 13. O-O {[%clk 1:16:39]} b5
{[%clk 0:25:16]} 14. b4 {[%clk 1:16:11]} Qc8 {[%clk 0:17:14]} 15. Rfe1
{[%clk 1:12:49]} Bd8 {[%clk 0:16:43]} 16. Qd3 {[%clk 1:06:47]} f6
{[%clk 0:14:49]} 17. a3 {[%clk 1:04:24]} Bc7 {[%clk 0:14:07]} 18. Bxc7
{[%clk 1:04:18]} Qxc7 {[%clk 0:14:31]} 19. Rxe6 {[%clk 1:04:39]} Kf7
{[%clk 0:14:33]} 20. Rae1 {[%clk 1:03:26]} Rfe8 {[%clk 0:12:03]} 21. Qf5
{[%clk 1:01:18]} Bd7 {[%clk 0:06:08]} 22. Ng5+ {[%clk 1:01:35]} Kf8
{[%clk 0:05:53]} 23. Rxf6+ {[%clk 0:59:32]} 1-0

[Event "MSRCH16"]
[Site "?"]
[Date "2026.04.14"]
[Round "6.23"]
[White "Simko, Stefan"]
[Black "Jokai, Bence"]
[Result "1-0"]
[BlackElo "1788"]
[WhiteElo "1700"]
[LiveChessVersion "1.4.8"]

1. f4 {[%clk 1:30:57]} e5 {[%clk 1:30:11]} 2. fxe5 {[%clk 1:21:16]} d6
{[%clk 1:30:36]} 3. exd6 {[%clk 1:18:54]} Bxd6 {[%clk 1:30:59]} 4. Nf3
{[%clk 1:18:54]} g5 {[%clk 1:25:27]} 5. g3 {[%clk 1:14:36]} g4 {[%clk 1:22:42]}
6. Nd4 {[%clk 1:11:10]} c5 {[%clk 1:23:01]} 7. Nb5 {[%clk 1:09:02]} h5
{[%clk 1:22:13]} 8. d4 {[%clk 0:55:33]} Qb6 {[%clk 0:55:29]} 9. Nxd6+
{[%clk 0:54:12]} Qxd6 {[%clk 0:55:56]} 10. dxc5 {[%clk 0:53:33]} Qxc5
{[%clk 0:56:18]} 11. Qd3 {[%clk 0:53:40]} Ne7 {[%clk 0:55:25]} 12. Qc3
{[%clk 0:50:06]} Qxc3+ {[%clk 0:55:28]} 13. Nxc3 {[%clk 0:50:29]} Nbc6
{[%clk 0:55:47]} 14. Bg5 {[%clk 0:50:21]} Be6 {[%clk 0:51:25]} 15. O-O-O
{[%clk 0:48:05]} Rc8 {[%clk 0:46:22]} 16. Bg2 b6 {[%clk 0:37:25]} 17. Nb5
{[%clk 0:39:55]} Kf8 18. Bxe7+ {[%clk 0:38:26]} Kxe7 {[%clk 0:29:10]} 19. Bxc6
{[%clk 0:38:48]} Rxc6 {[%clk 0:29:15]} 20. Nxa7 {[%clk 0:39:00]} Rc7
{[%clk 0:29:05]} 21. Nb5 {[%clk 0:38:57]} Rc5 {[%clk 0:29:10]} 22. Nc3
{[%clk 0:37:31]} Rhc8 {[%clk 0:29:10]} 23. a3 {[%clk 0:37:02]} f5
{[%clk 0:29:07]} 24. Rd4 {[%clk 0:36:11]} b5 {[%clk 0:13:44]} 25. Re1
{[%clk 0:35:26]} Kf6 {[%clk 0:09:40]} 26. e4 {[%clk 0:35:09]} Re5
{[%clk 0:04:08]} 27. Rb4 {[%clk 0:34:01]} Rcc5 {[%clk 0:02:32]} 28. Rf1
{[%clk 0:32:39]} Kg5 {[%clk 0:02:17]} 29. exf5 {[%clk 0:23:33]} Bxf5
{[%clk 0:02:30]} 30. a4 {[%clk 0:22:49]} bxa4 {[%clk 0:02:34]} 31. Rxa4
{[%clk 0:23:03]} h4 {[%clk 0:02:42]} 32. Rff4 {[%clk 0:16:45]} Kh5
{[%clk 0:01:16]} 33. Ne4 {[%clk 0:14:45]} Re6 {[%clk 0:00:36]} 1-0

[Event "MSRCH16"]
[Site "?"]
[Date "2026.04.14"]
[Round "6.24"]
[White "Torok, Aron Levente"]
[Black "Zaborsky, Richard"]
[Result "0-1"]
[BlackElo "1662"]
[WhiteElo "1749"]
[LiveChessVersion "1.4.8"]

1. d4 {[%clk 1:30:56]} Nf6 {[%clk 1:30:58]} 2. c4 {[%clk 1:31:10]} c5
{[%clk 1:31:24]} 3. Nf3 {[%clk 1:31:16]} cxd4 {[%clk 1:31:26]} 4. Nxd4
{[%clk 1:31:23]} g6 {[%clk 1:31:22]} 5. Nc3 {[%clk 1:31:16]} Bg7 {[%clk 1:31:42]}
6. e4 {[%clk 1:30:58]} d6 {[%clk 1:32:02]} 7. Be2 {[%clk 1:29:32]} Nc6
{[%clk 1:31:57]} 8. Be3 {[%clk 1:28:35]} Bd7 {[%clk 1:31:08]} 9. O-O
{[%clk 1:27:52]} O-O {[%clk 1:31:06]} 10. h3 {[%clk 1:27:16]} a6 {[%clk 1:28:56]}
11. Bf3 {[%clk 1:24:28]} Ne5 {[%clk 1:26:43]} 12. Be2 {[%clk 1:22:40]} Rc8
{[%clk 1:25:26]} 13. Qb3 {[%clk 1:20:16]} Qc7 {[%clk 1:22:34]} 14. Nd5
{[%clk 1:19:36]} Nxd5 {[%clk 1:21:52]} 15. cxd5 {[%clk 1:19:47]} Be8
{[%clk 1:15:34]} 16. Rac1 {[%clk 1:19:17]} Qb8 {[%clk 1:15:40]} 17. Rxc8
{[%clk 1:19:09]} Qxc8 {[%clk 1:16:03]} 18. Rc1 {[%clk 1:19:28]} Qa8
{[%clk 1:04:26]} 19. Rc7 {[%clk 1:19:31]} b5 {[%clk 1:04:03]} 20. Qc2
{[%clk 1:16:53]} Qd8 {[%clk 0:50:20]} 21. Ra7 {[%clk 1:07:51]} Qa5
{[%clk 0:47:38]} 22. Nc6 {[%clk 1:06:39]} Bxc6 {[%clk 0:45:15]} 23. dxc6
{[%clk 1:06:53]} Qe1+ {[%clk 0:36:35]} 24. Kh2 {[%clk 1:06:02]} Nxc6
{[%clk 0:35:50]} 25. Rxa6 {[%clk 1:04:31]} Nb4 {[%clk 0:33:06]} 26. Qb3
{[%clk 1:00:06]} Nxa6 {[%clk 0:32:27]} 27. Qxb5 {[%clk 1:00:07]} Nc5
{[%clk 0:31:58]} 28. Bxc5 {[%clk 1:00:16]} dxc5 {[%clk 0:32:21]} 29. a4
{[%clk 1:00:24]} Be5+ {[%clk 0:31:59]} 30. g3 {[%clk 0:55:54]} Qxf2+
{[%clk 0:32:18]} 31. Kh1 {[%clk 0:56:03]} Qxg3 {[%clk 0:32:03]} 0-1

[Event "MSRCH16"]
[Site "?"]
[Date "2026.04.14"]
[Round "6.25"]
[White "Kralovensky, Jan"]
[Black "Foldesi, Marek"]
[Result "1/2-1/2"]
[BlackElo "1746"]
[WhiteElo "1581"]
[LiveChessVersion "1.4.8"]

1. d4 {[%clk 1:30:58]} d6 {[%clk 1:30:50]} 2. e4 {[%clk 1:30:54]} g6
{[%clk 1:31:08]} 3. c4 {[%clk 1:30:08]} Nf6 {[%clk 1:31:24]} 4. Nc3
{[%clk 1:30:32]} Bg7 {[%clk 1:31:50]} 5. Be2 {[%clk 1:28:38]} O-O
{[%clk 1:32:02]} 6. Nf3 {[%clk 1:27:09]} e5 {[%clk 1:32:13]} 7. d5
{[%clk 1:24:13]} a5 {[%clk 1:32:09]} 8. O-O {[%clk 1:21:53]} Ne8 {[%clk 1:32:05]}
9. Re1 {[%clk 1:12:47]} Na6 {[%clk 1:32:06]} 10. a3 {[%clk 1:09:16]} f5
{[%clk 1:32:10]} 11. Bg5 {[%clk 1:05:15]} Bf6 {[%clk 1:32:12]} 12. Bxf6
{[%clk 1:04:03]} Nxf6 {[%clk 1:32:30]} 13. exf5 {[%clk 1:04:10]} Bxf5
{[%clk 1:32:50]} 14. Nh4 {[%clk 1:03:56]} Bd7 {[%clk 1:32:31]} 15. Bd3
{[%clk 1:01:55]} Nc5 {[%clk 1:30:15]} 16. Bc2 {[%clk 1:00:57]} Kg7
{[%clk 1:28:38]} 17. Nf3 {[%clk 0:57:48]} Bg4 {[%clk 1:28:00]} 18. Re3
{[%clk 0:56:23]} b6 {[%clk 1:19:30]} 19. Qe1 {[%clk 0:54:14]} Nh5
{[%clk 1:16:15]} 20. Nd2 {[%clk 0:52:33]} Nf4 {[%clk 1:13:12]} 21. f3
{[%clk 0:47:47]} Bf5 {[%clk 1:10:37]} 22. Nde4 {[%clk 0:46:49]} Nxe4
{[%clk 1:10:53]} 23. Bxe4 {[%clk 0:46:48]} Bxe4 {[%clk 1:11:13]} 24. Nxe4
{[%clk 0:47:07]} Qe7 {[%clk 1:09:23]} 25. Qd2 {[%clk 0:41:25]} 1/2-1/2

[Event "MSRCH16"]
[Site "?"]
[Date "2026.04.14"]
[Round "6.26"]
[White "Lukianov, Mykhailo"]
[Black "Habara, Viliam"]
[Result "1-0"]
[BlackElo "1564"]
[WhiteElo "1652"]
[LiveChessVersion "1.4.8"]

1. d4 {[%clk 1:30:58]} d5 {[%clk 1:30:19]} 2. c4 {[%clk 1:31:24]} e6
{[%clk 1:30:46]} 3. Nc3 {[%clk 1:31:49]} Bb4 {[%clk 1:30:35]} 4. Nf3
{[%clk 1:32:07]} Bxc3+ {[%clk 1:30:05]} 5. bxc3 {[%clk 1:32:23]} Nf6
{[%clk 1:30:27]} 6. Bg5 {[%clk 1:32:41]} Nc6 {[%clk 1:29:45]} 7. e3
{[%clk 1:32:58]} O-O {[%clk 1:29:38]} 8. Ne5 {[%clk 1:32:45]} h6 {[%clk 1:25:17]}
9. Nxc6 {[%clk 1:32:52]} bxc6 {[%clk 1:25:37]} 10. Bh4 {[%clk 1:32:52]} Ba6
{[%clk 1:21:49]} 11. Qa4 {[%clk 1:33:14]} Bb7 {[%clk 1:20:32]} 12. Rb1
{[%clk 1:33:29]} 1-0